report on the cost structure of and fair price payable to the sugar industry (Record no. 23426)
[ view plain ]
| 000 -LEADER | |
|---|---|
| fixed length control field | 00306nam a2200097Ia 4500 |
| 082 ## - DEWEY DECIMAL CLASSIFICATION NUMBER | |
| Classification number | 338.5:664.1(047) |
| Item number | TAR |
| 245 #0 - TITLE STATEMENT | |
| Title | report on the cost structure of and fair price payable to the sugar industry |
| 260 ## - PUBLICATION, DISTRIBUTION, ETC. (IMPRINT) | |
| Place of publication | Bombay |
| Name of publisher | Tariff Commission |
| Year of publication | 1973 |
| 942 ## - ADDED ENTRY ELEMENTS (KOHA) | |
| Koha item type | Books |
| Withdrawn status | Lost status | Damaged status | Not for loan | Home library | Current library | Date acquired | Full call number | Accession Number | Koha item type |
|---|---|---|---|---|---|---|---|---|---|
| RRII Library | RRII Library | 16/12/2021 | 338.5:664.1(047) TAR | 04124 | Books |